Poésie populaire des Andes

Sábháilte in:
Sonraí bibleagrafaíochta
Príomhchruthaitheoir: Parra, Violeta (Parra Sandoval, Violeta) (auteur)
Formáid: LEABHAR
Teanga:Fraincis
Spáinnis
Foilsithe / Cruthaithe: París Francois Maspero 1965
Sraith:Voix, 12
Ábhair:
Clibeanna: Cuir clib leis
Níl clibeanna ann, Bí ar an gcéad duine le clib a chur leis an taifead seo!

MARC

LEADER 00000nam a2200000 a 4500
001 UCY9948
003 CL-VaPUC
005 20230315160426.0
008 950724e19650000FR |||||||||||||||||fre|d
999 |c 236929  |d 236927 
040 |c Pontificia Universidad Católica de Valparaíso 
041 0 7 |a fre  |2 CL-VaPUC 
041 0 7 |a spa  |2 CL-VaPUC 
082 0 4 |a Ch861  |b PAR  |2 21 
100 |a Parra, Violeta  |q (Parra Sandoval, Violeta)  |e auteur  |9 880637 
245 1 0 |a Poésie populaire des Andes 
260 |a París  |b Francois Maspero  |c 1965 
300 |a 174 p 
490 0 |a Voix, 12 
583 |a last modification  |c 19950724 00:00:00  |k Rodrigo Vera 
650 0 |a Poesías chilenas   |9 265280 
650 7 |a LITERATURA SIGLO 20  |2 CL-VaPUC  |9 313706 
650 0 |a Formas y géneros literarios  |9 324031 
942 |c BK  |2 ddc 
945 |d 19950724 00:00:00  |a cmena 
952 |0 0  |1 0  |4 0  |6 CH_861_000000000000000_PAR_1965  |7 0  |8 P  |9 245473  |a BIBEDU  |b BIBEDU  |d 2019-11-18  |i 153758K  |o Ch861 PAR 1965  |p 153758K  |r 2019-11-18  |w 2019-11-18  |y BK  |k EDU